| 000 | 00000nam##2200000za#4500 |
| 001 | 9.676398 |
| 003 | CaOODSP |
| 005 | 20250403105603 |
| 007 | cr ||||||||||| |
| 008 | 150407|1988||||xxc|||||o f|0| 0 fre|d |
| 040 | |aCaOODSP|bfre |
| 041 | |aeng |
| 041 | |afre |
| 043 | |an-cn--- |
| 086 | 1 |aCS94-124/1988-PDF |
| 245 | 00|aTerritoires du Nord-Ouest : partie 2 |h[ressource électronique] |
| 246 | 1 |iDeuxième titre de série imprimé sur la couverture : |aCaractéristiques de la population et des logements - divisions et subdivisions de recensement |
| 260 | |aOttawa - Ontario : |bStatistique Canada |c1988. |
| 500 | |aPublication du recensement historique numérisé par Statistique Canada. |
| 590 | |a13-07-Supp|b2013-03-25 |
| 691 | 07|aRecensement|2gcpds |
| 710 | 2 |aStatistique Canada. |
| 791 | |tNorthwest Territories : part 2 |eeng|w(CaOODSP)9.676397 |
| 856 | 40|ahttp://publications.gc.ca|qPDF|s7.2 Mo|uhttps://publications.gc.ca/collections/collection_2013/statcan/rh-hc/CS94-124-1988.pdf |